Major Cities Furthest from the Prime Meridian - Statistics

General Stats
  • This quiz has been taken 8 times
  • The average score is 17 of 68
Answer Stats
Longitude Population Answer % Correct
126°59'24"E 25,100,000 Seoul
100%
139°41'31"E 41,000,000 Tokyo
100%
153°1'41"E 3,350,000 Brisbane
86%
120°58'37"E 27,200,000 Manila
86%
144°57'47"E 5,000,000 Melbourne
86%
136°54'E 10,500,000 Nagoya
86%
135°30'7"E 17,700,000 Osaka
86%
125°44'17"E 3,000,000 Pyongyang
86%
151°12'36"E 4,975,000 Sydney
86%
138°36'E 1,420,000 Adelaide
71%
141°21'E 2,500,000 Sapporo
71%
121°28'30"E 40,800,000 Shanghai
71%
121°33'43"E 9,950,000 Taipei
71%
129°4'30"E 4,000,000 Busan
57%
122°40'55"W 2,425,000 Portland
57%
122°24'58"W 7,450,000 San Francisco
57%
122°19'59"W 4,475,000 Seattle
57%
121°36'E 5,300,000 Dalian
43%
130°34'59"E 2,825,000 Fukuoka
43%
121°29'38"W 2,125,000 Sacramento
43%
123°6'50"W 3,075,000 Vancouver
43%
123°45'E 2,750,000 Cebu
29%
126°38'28"E 5,450,000 Harbin
29%
132°45'E 1,870,000 Hiroshima
29%
120°22'59"E 7,450,000 Qingdao
29%
123°25'41"E 8,700,000 Shenyang
29%
120°35'6"E 1,740,000 Angeles
14%
125°19'34"E 5,050,000 Changchun
14%
128°36'7"E 2,725,000 Daegu
14%
127°23'6"E 1,520,000 Daejeon
14%
125°36'E 1,680,000 Davao
14%
120°9'11"E 13,900,000 Hangzhou
14%
140°52'8"E 1,510,000 Sendai
14%
122°59'38"E 2,350,000 Anshan
0%
120°25'1"E 1,770,000 Cangnan
0%
128°39'47"E 1,010,000 Changwon
0%
127°28'59"E 1,210,000 Cheongju
0%
125°6'14"E 1,850,000 Daqing
0%
126°50'56"E 1,630,000 Gwangju
0%
137°43'37"E 1,310,000 Hamamatsu
0%
120°50'13"E 1,040,000 Huludao
0%
120°5'17"E 1,690,000 Huzhou
0%
120°17'42"E 3,100,000 Jiangyin
0%
120°45'22"E 2,175,000 Jiaxing
0%
126°12'E 1,610,000 Jilin
0%
121°8'53"E 1,230,000 Jinzhou
0%
120°17'53"E 2,750,000 Kaohsiung
0%
130°52'59"E 1,970,000 Kitakyushu
0%
130°40'1"E 1,150,000 Kumamoto
0%
127°40'44"E 1,240,000 Naha
0%
120°53'38"E 3,350,000 Nantong
0%
121°37'26"E 7,300,000 Ningbo
0%
133°51'E 2,175,000 Okayama
0%
122°3'54"E 1,020,000 Panjin
0%
123°55'5"E 1,030,000 Qiqihar
0%
123°1'48"W 1,210,000 Salem
0%
138°19'1"E 1,130,000 Shizuoka
0%
121°18'4"W 1,270,000 Stockton
0%
120°40'44"E 2,775,000 Taichung
0%
120°10'59"E 1,350,000 Tainan
0%
121°25'16"E 2,575,000 Taizhou (Zhejiang)
0%
129°19'1"E 1,080,000 Ulsan
0%
122°7'12"E 1,470,000 Weihai
0%
120°41'56"E 5,100,000 Wenzhou
0%
120°9'47"E 1,430,000 Yancheng
0%
121°26'53"E 2,500,000 Yantai
0%
120°4'30"E 2,575,000 Yiwu
0%
120°1'59"E 1,060,000 Yongkang
0%
No matching quizzes found
Score Distribution
Percent of People with Each Score
Percentile by Number Answered
Your Score History
You have not taken this quiz